000 00779nam a2200265Ia 4500
003 OSt
005 20220928125019.0
006 a|||||r|||| 00| 0
007 ta
008 220927b |||||||| |||| 00| 0 eng d
020 _c950
024 _a119233
037 _b722, 23/08/2013, The Book Seller
_cTextual
040 _aSDCL
_cSDCL
_beng
041 _2eng
_aeng
082 _aV2,63, Q3
100 _aRao M.V
_9467581
245 0 _aPanchayats and building of model villages.
260 _aNew Delhi
_bRawat Publications
_c2013
300 _axvi;336p.
_ccm.
650 _aPolitical Science
700 _a Venkatesu E Ed.
_9467582
942 _hV2,63, Q3
_cTEXL
_2CC
999 _c780454
_d780454